Home Print Resources E-Books E-Journals IIMT Lecture Series Library Membership Form Book Recommendation Form Campus Tour Take AdmissionAbout Us Contact Us

HISTORY OF MEDIEBAL INDIA (Record no. 51759)

000 -LEADER
fixed length control field 00372nam a22001577a 4500
003 - CONTROL NUMBER IDENTIFIER
control field OSt
005 - DATE AND TIME OF LATEST TRANSACTION
control field 20240408165028.0
008 - FIXED-LENGTH DATA ELEMENTS--GENERAL INFORMATION
fixed length control field 220429b xxu||||| |||| 00| 0 eng d
020 ## - INTERNATIONAL STANDARD BOOK NUMBER
International Standard Book Number 8121903645
040 ## - CATALOGING SOURCE
Transcribing agency IIMT UNIVERSITY
100 ## - MAIN ENTRY--PERSONAL NAME
Personal name MAHAJAN V D
245 ## - TITLE STATEMENT
Title HISTORY OF MEDIEBAL INDIA
260 ## - PUBLICATION, DISTRIBUTION, ETC.
Place of publication, distribution, etc. NEW DELHI
Name of publisher, distributor, etc. S. CHAND
Date of publication, distribution, etc. 2022
300 ## - PHYSICAL DESCRIPTION
Extent 310
942 ## - ADDED ENTRY ELEMENTS (KOHA)
Source of classification or shelving scheme
Koha item type Book Bank
Holdings
Withdrawn status Lost status Source of classification or shelving scheme Damaged status Not for loan Home library Current library Date acquired Source of acquisition Coded location qualifier Cost, normal purchase price Inventory number Total Checkouts Full call number Barcode Date last seen Date last checked out Price effective from Koha item type Checked out
          IIMT University Central Library Meerut IIMT University Central Library Meerut 04/29/2022 PRAKASH BOOKS ART 525.00 03,,,27/04/2022 3 954.2 MAH 01-B-135704 09/22/2025 09/16/2025 04/29/2022 Book Bank  
          IIMT University Central Library Meerut IIMT University Central Library Meerut 04/29/2022 PRAKASH BOOKS ART 525.00 03,,,27/04/2022 3 954.2 MAH 01-B-135705 11/07/2022 11/07/2022 04/29/2022 Book Bank 11/14/2022
IIMT, Central Library. All Rights Reserved IIMT,UNIVERSITY © 2023
Implemented and Customised by I CLOUDE EMS
You Are OPAC Visitor No
free web counter

Powered by Koha